000 00677cab a2200217 4500
001 WB3308-20
008 090401t1997 xxu||||| |||| 00| 0 eng d
035 _a(Sirsi) u55536
041 _aeng
245 _aMPs hit at sale of MoD homes
260 _c1997
350 _a0
490 _aFinancial Times
_v20 February 1997, 9(1)
520 _aThe House of Commons defence select committee has criticised the sale of MoD married quarters estate to a consortium including a Japanese bank.
650 _aHOUSE OF COMMONS DEFENCE SELECT COMMITTEE
650 _aMARRIED QUARTERS
650 _aMINISTRY OF DEFENCE
690 _aHOUSING
942 _n0
948 _c04/03/1997
999 _c33935
_d33935